Building Information Modelling (BIM), Collaborative and Integrated Team Working (Record no. 115690)

MARC details
000 -LEADER
fixed length control field 01530cam a22002655a 4500
001 - CONTROL NUMBER
control field L159130
008 - FIXED-LENGTH DATA ELEMENTS--GENERAL INFORMATION
fixed length control field 130926s2016 xxk f 000 0 eng d
035 ## - SYSTEM CONTROL NUMBER
System control number (Sirsi) u159130
041 0# - LANGUAGE CODE
Language code of text/sound track or separate title eng
050 04 - LIBRARY OF CONGRESS CALL NUMBER
Classification number 690.0285 $2 18
110 2# - MAIN ENTRY--CORPORATE NAME
Corporate name or jurisdiction name as entry element Joint Contracts Tribunal
9 (RLIN) 3664
245 00 - TITLE STATEMENT
Title Building Information Modelling (BIM), Collaborative and Integrated Team Working
Medium [electronic resource]
260 ## - PUBLICATION, DISTRIBUTION, ETC.
Place of publication, distribution, etc. London
Name of publisher, distributor, etc. Sweet & Maxwell
Date of publication, distribution, etc. 2016
520 ## - SUMMARY, ETC.
Summary, etc. Intended as a guide to assist practitioners in gaining a greater understanding of BIM and provides information on the integration of BIM and collaborative working within the contract process. The practice note includes an overview of BIM ? highlighting standard definitions, an explanation of the different BIM levels, and a summary of mechanisms and industry standards (in particular the concepts and acronyms associated with BIM in the PAS 1192-2 document). It also includes an overview of BIM protocols and how a BIM protocol can support the main contract document in respect of achieving BIM level 2. A bibliography and references to various sources provides a comprehensive reference tool for those adopting BIM on their projects.
521 ## - TARGET AUDIENCE NOTE
Target audience note KA
650 24 - SUBJECT ADDED ENTRY--TOPICAL TERM
Topical term or geographic name entry element JCT
650 24 - SUBJECT ADDED ENTRY--TOPICAL TERM
Topical term or geographic name entry element BS 1192
650 24 - SUBJECT ADDED ENTRY--TOPICAL TERM
Topical term or geographic name entry element PAS 1192
650 24 - SUBJECT ADDED ENTRY--TOPICAL TERM
Topical term or geographic name entry element COLLABORATIVE BIM
650 24 - SUBJECT ADDED ENTRY--TOPICAL TERM
Topical term or geographic name entry element TEAMWORKING
651 #4 - SUBJECT ADDED ENTRY--GEOGRAPHIC NAME
Geographic name ENGLAND AND WALES
690 ## - LOCAL SUBJECT ADDED ENTRY--TOPICAL TERM (OCLC, RLIN)
Topical term or geographic name as entry element BIM
9 (RLIN) 6219
856 40 - ELECTRONIC LOCATION AND ACCESS
Uniform Resource Identifier <a href="https://www.jctltd.co.uk/bim.aspx">https://www.jctltd.co.uk/bim.aspx</a>
Public note View this item free of charge (registration required) at www.jctltd.co.uk
942 ## - ADDED ENTRY ELEMENTS (KOHA)
Suppress in OPAC 0
Holdings
Withdrawn status Lost status Source of classification or shelving scheme Damaged status Not for loan Home library Current library Shelving location Date acquired Total Checkouts Full call number Barcode Date last seen Copy number Price effective from Koha item type
    Dewey Decimal Classification     Virtual Virtual Online 04/02/2016   ONLINE PUBLICATION 159130-2001 06/08/2019 1 06/08/2019 Book